[Event "FRA-chT3"]
[Site "France"]
[Date "2001.??.??"]
[Round "8"]
[White "Pouilly, Patrick"]
[Black "Bodereau, Marc"]
[Result "1/2-1/2"]
[WhiteElo "1950"]
[BlackElo "1720"]
[PlyCount "84"]
[EventDate "2001.??.??"]
[EventType "team"]
[EventRounds "9"]
[EventCountry "FRA"]
[SourceTitle "EXT 2003"]
[Source "ChessBase"]
[SourceDate "2002.11.25"]
[SourceVersion "1"]
[SourceVersionDate "2002.11.25"]
[SourceQuality "1"]

1. Nf3 Nf6 2. c4 e6 3. g3 d5 4. cxd5 exd5 5. Bg2 c6 6. 0-0 h6 7. b3 Bf5 8. d3 Bc5 9. Bb2 Nbd7 10. Nc3 0-0 11. h3 a6 12. Rc1 Qc7 13. e3 Rfe8 14. d4 Bd6 15. Nh4 Be4 16. Bxe4 dxe4 17. Nf5 Bf8 18. g4 Rad8 19. Qc2 Re6 20. Ng3 Rde8 21. d5 cxd5 22. Nxd5 Qxc2 23. Nxf6+ Nxf6 24. Rxc2 Nd5 25. a3 b5 26. Re1 b4 27. a4 g6 28. Ne2 Bg7 29. Bxg7 Kxg7 30. Rc5 Rd6 31. Rd1 Red8 32. Rd4 Nc3 33. Nxc3 Rxd4 34. exd4 bxc3 35. Rxc3 Rxd4 36. Kf1 f5 37. Ke2 f4 38. a5 Kf7 39. Rc7+ Ke6 40. Rc6+ Rd6 41. Rc8 Kd5 42. h4 Re6 1/2-1/2